|
|
|
|
| LEADER |
01170nam a2200325 a 4500 |
| 001 |
5889 |
| 003 |
BD-DhAAL |
| 005 |
20150710183037.0 |
| 008 |
150710s1978 enka 001 0 eng d |
| 010 |
|
|
|a 79306219
|
| 020 |
|
|
|a 0333523296
|
| 020 |
|
|
|a 0333241118 :
|c £5.95
|
| 020 |
|
|
|a 0333253639 (pbk.)
|
| 040 |
|
|
|a DLC
|c DLC
|d DLC
|d BD-DhAAL
|
| 082 |
0 |
0 |
|a 362.7/8/091724
|2 18
|
| 100 |
1 |
|
|a Ebrahim, G. J.
|9 13025
|
| 245 |
1 |
0 |
|a Practical mother and child health in developing countries /
|c G. J. Ebrahim.
|
| 250 |
|
|
|a 4th ed.
|
| 260 |
|
|
|a London :
|b Macmillan,
|c c1990.
|
| 300 |
|
|
|a vi, 152 p. :
|b ill. ;
|c 22 cm.
|
| 490 |
1 |
|
|a Macmillan tropical community health manuals
|
| 500 |
|
|
|a Includes index.
|
| 541 |
1 |
|
|e 5889
|
| 650 |
|
0 |
|a Children
|x Health and hygiene.
|9 11249
|
| 650 |
|
0 |
|a Prenatal care.
|9 13026
|
| 650 |
|
0 |
|a Child health services
|z Developing countries.
|9 13027
|
| 650 |
|
0 |
|a Maternal health services
|z Developing countries.
|9 13028
|
| 942 |
|
|
|2 ddc
|c BK
|
| 999 |
|
|
|c 35015
|d 35015
|
| 952 |
|
|
|0 0
|1 0
|2 ddc
|4 0
|6 362_780917240000000_EBR
|7 0
|9 54897
|a SCL
|b SCL
|c GEN
|d 2015-07-10
|e Gift: The British Council
|l 0
|o 362.78091724 EBR
|p 3020005889
|r 2015-07-10
|t 1
|w 2015-07-10
|y BK
|